|
|
|
|
| LEADER |
00000cam a2200000 a 4500 |
| 001 |
vtls008396783 |
| 003 |
SK-MaSNL |
| 005 |
20260301101031.0 |
| 008 |
230403s1951 xo 000 s slo |
| 015 |
|
|
|a SNBA19451955-010878
|
| 035 |
|
|
|a SK01SNKBKSFS20010089000
|
| 035 |
|
|
|a urn:nbn:sk:snk-am3iiz9
|
| 035 |
|
|
|a 024FADB3-9165-41A7-88E9-085211A4255A
|
| 035 |
|
|
|a urn:nbn:sk:snk-am00el4m
|
| 035 |
|
|
|a SKM000091463
|
| 040 |
|
|
|a SNK
|b slo
|c SNK
|e AACR2
|
| 041 |
0 |
|
|a slo
|
| 044 |
|
|
|a xo
|c SK
|
| 080 |
|
|
|a 329.15(437)
|2 1981
|
| 100 |
1 |
|
|a Slánský, Rudolf,
|d 1901-1952
|4 aut
|9 166907
|
| 245 |
1 |
0 |
|a S Komunistickou stranou, vedenou súdruhom Gottwaldom, zdoláme všetky prekážky, splníme všetky úlohy!
|c prejav Rudolfa Slánského na slávnostnom zasadaní Ústredného výboru Komunistickej strany Československa 17. mája 1951
|
| 260 |
|
|
|a [Bratislava]
|b ÚV KSS
|c [1951]
|e Bratislava
|f Pravda
|
| 300 |
|
|
|a 24 s.
|b [4] obr. príl.
|c V. 8°
|
| 500 |
|
|
|a Frontispice
|
| 505 |
0 |
|
|a Dokumenty
|
| 610 |
|
7 |
|a Komunistická strana Československa
|2 SNKKA
|9 32256
|
| 655 |
|
7 |
|a prejavy
|2 SNKPH
|9 70401
|
| 852 |
|
|
|a Slovenská národná knižnica
|
| 954 |
|
|
|a odborná, vedecká literatúra pôvodná (slovenská)
|2 lita
|
| 958 |
|
|
|a OND
|
| 958 |
|
|
|a RK
|
| 958 |
|
|
|a TL
|
| 958 |
|
|
|a EUIPO
|
| 999 |
|
|
|c 688043
|d 689973
|
| 952 |
|
|
|a SNK
|b SNK
|y VYP
|7 0
|p 17A0708044
|o snkSD 7419 D1
|i snkKSF 2545/57
|8 5
|0 0
|1 0
|4 0
|d 2011-07-11
|l 0
|r 2026-02-23 20:18:04
|w 2026-02-23
|
| 952 |
|
|
|a SNK
|b SNK
|y VYP
|7 0
|p 17A0708043
|o snkSD 7419 D2
|i snkF 1296/63
|8 5
|0 0
|1 0
|4 0
|d 2011-07-11
|l 0
|r 2026-02-23 20:18:04
|w 2026-02-23
|
| 952 |
|
|
|t P60, <03>, [BOOK], {603}
|a SNK
|b SNK
|y PREZ
|7 0
|p 17A0105523
|o snkSD 7419
|i snk2941/51
|0 0
|1 0
|4 0
|d 1997-11-13
|f 1
|l 0
|r 2025-11-18 00:00:00
|w 2026-02-23
|